[Event "Bratislava exe op"]
[Site "Bratislava"]
[Date "2023.09.23"]
[Round "9"]
[White "Egli, Urs Martin"]
[Black "Hitka, Dominik"]
[Result "1/2-1/2"]
[WhiteElo "1723"]
[BlackElo "1320"]
[PlyCount "34"]
[EventDate "2023.09.15"]
[EventType "swiss"]
[EventRounds "9"]
[EventCountry "SVK"]
[SourceTitle "EXT 2024"]
[Source "ChessBase"]
[SourceDate "2023.10.10"]
[SourceVersion "1"]
[SourceVersionDate "2023.10.10"]
[SourceQuality "1"]

1. e4 e6 2. d3 d5 3. Nd2 c5 4. Ngf3 Nc6 5. g3 g6 6. Bg2 Bg7 7. 0-0 Nge7 8. Re1 Qc7 9. Qe2 0-0 10. e5 Nb4 11. Nf1 d4 12. h4 h6 13. c4 dxc3 14. bxc3 Nbc6 15. g4 Nd5 16. c4 Nb6 17. g5 h5 1/2-1/2

[Event "Bratislava exe op"]
[Site "Bratislava"]
[Date "2023.09.22"]
[Round "8"]
[White "Geaney O`Brien, David"]
[Black "Egli, Urs Martin"]
[Result "1-0"]
[WhiteElo "2003"]
[BlackElo "1723"]
[PlyCount "91"]
[EventDate "2023.09.15"]
[EventType "swiss"]
[EventRounds "9"]
[EventCountry "SVK"]
[SourceTitle "EXT 2024"]
[Source "ChessBase"]
[SourceDate "2023.10.10"]
[SourceVersion "1"]
[SourceVersionDate "2023.10.10"]
[SourceQuality "1"]

1. e4 d5 2. exd5 Qxd5 3. Nf3 Bg4 4. Be2 Nc6 5. d4 0-0-0 6. c4 Qd7 7. d5 Bxf3 8. Bxf3 Ne5 9. Qb3 Nxf3+ 10. Qxf3 e6 11. 0-0 exd5 12. Rd1 Nf6 13. Bg5 Be7 14. Nc3 Kb8 15. Bxf6 Bxf6 16. Nxd5 Be5 17. Rab1 c6 18. Nb4 Qc7 19. g3 Bf6 20. Nd3 Rd4 21. Nc5 Re8 22. b4 Qe7 23. Qf5 Red8 24. Re1 Qc7 25. b5 Be7 26. bxc6 Bxc5 27. Rxb7+ Qxb7 28. cxb7 Rxc4 29. Qxf7 Rcd4 30. Qxg7 R4d7 31. Qg5 Bb6 32. Re7 Rxe7 33. Qxe7 Rd2 34. Qf7 Rc2 35. Qg8+ Kxb7 36. Qxh7+ Rc7 37. Qe4+ Kc8 38. Kg2 Kd7 39. h4 Kd6 40. h5 Re7 41. Qf4+ Ke6 42. h6 Rf7 43. Qe4+ Kf6 44. Qc6+ Kg5 45. f4+ Kf5 46. Kf3 1-0

[Event "Liberec op 22nd"]
[Site "Liberec"]
[Date "2023.03.01"]
[Round "7"]
[White "Bradac, Daniel"]
[Black "Egli, Urs Martin"]
[Result "0-1"]
[WhiteElo "1983"]
[BlackElo "1795"]
[PlyCount "58"]
[EventDate "2023.02.24"]
[EventType "swiss"]
[EventRounds "9"]
[EventCountry "CZE"]
[SourceTitle "CBM 213 Extra"]
[Source "ChessBase"]
[SourceDate "2023.05.31"]
[SourceVersion "1"]
[SourceVersionDate "2023.05.31"]
[SourceQuality "1"]

1. e4 g6 2. d4 Bg7 3. Nc3 d6 4. f4 Nf6 5. Nf3 0-0 6. Be3 c5 7. Qd2 cxd4 8. Nxd4 Nc6 9. h3 Nxd4 10. Bxd4 Qa5 11. 0-0-0 Be6 12. Kb1 Nxe4 13. Qe3 Nxc3+ 14. bxc3 Qxa2+ 15. Kc1 Bf5 16. Bd3 Bxd3 17. Qxd3 Bxd4 18. Qxd4 Rac8 19. Rhe1 Rc4 20. Qe3 Rfc8 21. Rd3 Qa3+ 22. Kd2 R8c7 23. g4 Qc5 24. Qf3 Qc6 25. Qe3 b5 26. Rb1 b4 27. Rxb4 Rxb4 28. cxb4 Qg2+ 29. Qe2 Rxc2+ 0-1

[Event "Wroclaw Anderssen Memorial op-B"]
[Site "Wroclaw"]
[Date "2023.??.??"]
[Round "4"]
[White "Egli, Urs Martin"]
[Black "Bem, Tymoteusz"]
[Result "0-1"]
[WhiteElo "1808"]
[BlackElo "1634"]
[PlyCount "34"]
[EventDate "2023.08.06"]
[EventType "swiss"]
[EventRounds "9"]
[EventCountry "POL"]
[SourceTitle "EXT 2024"]
[Source "ChessBase"]
[SourceDate "2023.10.10"]
[SourceVersion "1"]
[SourceVersionDate "2023.10.10"]
[SourceQuality "1"]

1. e4 c5 2. Nf3 Nc6 3. d3 g6 4. g3 Bg7 5. Bg2 d6 6. 0-0 e5 7. Nbd2 Nge7 8. a4 0-0 9. c3 h6 10. Nc4 Be6 11. Qe2 Kh7 12. Bd2 f5 13. b4 fxe4 14. dxe4 cxb4 15. cxb4 Rxf3 16. Qxf3 Bxc4 17. Rfd1 Nd4 0-1

[Event "Wroclaw Anderssen Memorial op-B"]
[Site "Wroclaw"]
[Date "2023.??.??"]
[Round "6"]
[White "Egli, Urs Martin"]
[Black "Karas, Kacper"]
[Result "0-1"]
[WhiteElo "1808"]
[BlackElo "1416"]
[PlyCount "48"]
[EventDate "2023.08.06"]
[EventType "swiss"]
[EventRounds "9"]
[EventCountry "POL"]
[SourceTitle "EXT 2024"]
[Source "ChessBase"]
[SourceDate "2023.10.10"]
[SourceVersion "1"]
[SourceVersionDate "2023.10.10"]
[SourceQuality "1"]

1. g3 g6 2. Bg2 Bg7 3. f4 d5 4. Nf3 Nf6 5. 0-0 0-0 6. d3 c5 7. Nc3 Nc6 8. e4 d4 9. Ne2 e5 10. f5 b5 11. a4 Ba6 12. axb5 Bxb5 13. fxg6 hxg6 14. Bh3 c4 15. b3 cxd3 16. cxd3 Qb6 17. Ba3 Nxe4 18. Bxf8 Rxf8 19. Kh1 Nc5 20. Nd2 Bxd3 21. Rf2 e4 22. Nc4 Qxb3 23. Qxb3 Nxb3 24. Ra4 e3 0-1

[Event "Prague Golden Rapid op 17th"]
[Site "Prague"]
[Date "2022.07.09"]
[Round "2"]
[White "Barton, Milan"]
[Black "Egli, Urs Martin"]
[Result "0-1"]
[WhiteElo "1590"]
[BlackElo "1927"]
[PlyCount "76"]
[EventDate "2022.07.09"]
[EventType "swiss (rapid)"]
[EventRounds "7"]
[EventCountry "CZE"]
[SourceTitle "CBM 209 Extra"]
[Source "ChessBase"]
[SourceDate "2022.09.30"]
[SourceVersion "1"]
[SourceVersionDate "2022.09.30"]
[SourceQuality "1"]

1. e4 e5 2. Nf3 Nc6 3. Bc4 Nf6 4. d3 h6 5. c3 d6 6. h3 g5 7. Be3 g4 8. hxg4 Bxg4 9. Nbd2 Qd7 10. Qa4 d5 11. Bb5 Bd6 12. Rxh6 Rxh6 13. Bxh6 Ke7 14. Bxc6 Qxc6 15. Qxc6 bxc6 16. Bg5 Rb8 17. b3 Ke6 18. Bxf6 Kxf6 19. 0-0-0 Ba3+ 20. Kc2 a5 21. Rh1 Ke6 22. Rh6+ f6 23. Ng5+ Ke7 24. Rh7+ Kd6 25. f3 Bd7 26. Rh6 Ke7 27. Nh3 a4 28. f4 axb3+ 29. axb3 Rg8 30. fxe5 fxe5 31. Rh7+ Kd6 32. Rh6+ Ke7 33. Rh5 Rxg2 34. Ng5 Bc5 35. exd5 cxd5 36. Rh7+ Kd6 37. Nf7+ Ke6 38. Nxe5 Kxe5 0-1

[Event "Prague Golden Rapid op 17th"]
[Site "Prague"]
[Date "2022.07.09"]
[Round "3"]
[White "Egli, Urs Martin"]
[Black "Pribyl, Josef"]
[Result "0-1"]
[WhiteElo "1927"]
[BlackElo "2195"]
[PlyCount "120"]
[EventDate "2022.07.09"]
[EventType "swiss (rapid)"]
[EventRounds "7"]
[EventCountry "CZE"]
[SourceTitle "CBM 209 Extra"]
[Source "ChessBase"]
[SourceDate "2022.09.30"]
[SourceVersion "1"]
[SourceVersionDate "2022.09.30"]
[SourceQuality "1"]

1. f4 d5 2. Nf3 g6 3. g3 Bg7 4. Bg2 c5 5. 0-0 Nc6 6. d3 e6 7. e4 dxe4 8. dxe4 Qxd1 9. Rxd1 Nge7 10. c3 0-0 11. Be3 b6 12. Na3 Ba6 13. Rd7 Rad8 14. Rad1 Rxd7 15. Rxd7 Rd8 16. Rxd8+ Nxd8 17. Bf1 Bb7 18. Nd2 Kf8 19. Nb5 Nec6 20. Nd6 Ba8 21. Bg2 e5 22. f5 Ke7 23. N6c4 Bb7 24. a4 Kd7 25. g4 f6 26. g5 fxg5 27. Bxg5 Nf7 28. Be3 Ne7 29. fxg6 Nxg6 30. Bh3+ Kc7 31. Bf5 Nf8 32. b4 cxb4 33. cxb4 Bc6 34. b5 Be8 35. Bf2 Nh6 36. Ne3 Bf7 37. Bh3 Ng6 38. Nd5+ Bxd5 39. exd5 Nf4 40. Be6 Nxe6 41. dxe6 Ng4 42. Bg3 Kd6 43. h3 Ne3 44. Bf2 Nd1 45. Bh4 Kxe6 46. Ne4 h6 47. Be1 Kd5 48. Ng3 Bf8 49. Kf1 e4 50. Ke2 Nb2 51. a5 bxa5 52. Bxa5 Nc4 53. Bc3 Na3 54. Nf5 Nxb5 55. Ne3+ Ke6 56. Ba5 Bc5 57. Bd8 Bxe3 58. Kxe3 Ke5 59. Ba5 h5 60. Bb4 Nc7 0-1

[Event "Bassano del Grappa op 10"]
[Site "Bassano del Grappa"]
[Date "2020.10.25"]
[Round "5"]
[White "Egli, Urs Martin"]
[Black "Pieropan, Giorgio"]
[Result "1/2-1/2"]
[WhiteElo "1897"]
[BlackElo "1813"]
[PlyCount "59"]
[EventDate "2020.10.23"]
[EventType "swiss"]
[EventRounds "5"]
[EventCountry "ITA"]
[SourceTitle "EXT 2022"]
[Source "ChessBase"]
[SourceDate "2021.10.06"]
[SourceVersion "1"]
[SourceVersionDate "2021.10.06"]
[SourceQuality "1"]

1. e4 c6 2. d4 d5 3. e5 Bf5 4. Nc3 e6 5. g4 Bg6 6. Nge2 h6 7. Be3 Bb4 8. a3 Ba5 9. Ng3 Nd7 10. f4 Bxc3+ 11. bxc3 Qa5 12. Bd2 Ne7 13. Bd3 Bxd3 14. cxd3 Qa6 15. Be3 b6 16. f5 c5 17. 0-0 cxd4 18. cxd4 Rc8 19. fxe6 fxe6 20. Nh5 Rg8 21. Rc1 Qxa3 22. Ra1 Qb2 23. Rf2 Qc3 24. Rxa7 Nc6 25. Rc2 Qb3 26. Ra1 Ke7 27. Rb1 Qa4 28. Ra1 Qb3 29. Rb1 Qa4 30. Ra1 1/2-1/2

[Event "Bassano del Grappa op 10"]
[Site "Bassano del Grappa"]
[Date "2020.10.24"]
[Round "3"]
[White "Gregoric, Andraz"]
[Black "Egli, Urs Martin"]
[Result "1-0"]
[WhiteElo "2037"]
[BlackElo "1897"]
[PlyCount "63"]
[EventDate "2020.10.23"]
[EventType "swiss"]
[EventRounds "5"]
[EventCountry "ITA"]
[SourceTitle "EXT 2022"]
[Source "ChessBase"]
[SourceDate "2021.10.06"]
[SourceVersion "1"]
[SourceVersionDate "2021.10.06"]
[SourceQuality "1"]

1. e4 d5 2. exd5 Qxd5 3. Nc3 Qa5 4. Nf3 c6 5. d4 Bg4 6. h3 Bxf3 7. Qxf3 e6 8. Bf4 Nf6 9. Be2 Nd5 10. Bd2 Nxc3 11. bxc3 Qc7 12. 0-0 Be7 13. Rab1 0-0 14. Bd3 Nd7 15. Bf4 Qc8 16. Rfe1 Nf6 17. g4 Rd8 18. g5 Nd7 19. h4 Nf8 20. Rb3 Bd6 21. Be3 Qd7 22. Reb1 b5 23. h5 a6 24. h6 Rdc8 25. Kg2 c5 26. dxc5 Be7 27. a4 bxa4 28. Rb7 Qd8 29. c6 Ng6 30. Bxg6 hxg6 31. hxg7 Kxg7 32. Bd4+ 1-0

[Event "Lugano Paradiso op"]
[Site "Lugano"]
[Date "2020.10.04"]
[Round "5"]
[White "Egli, Urs Martin"]
[Black "Cavadini, Sergio"]
[Result "1-0"]
[WhiteElo "1897"]
[BlackElo "1531"]
[PlyCount "33"]
[EventDate "2020.10.02"]
[EventType "swiss"]
[EventRounds "5"]
[EventCountry "SUI"]
[SourceTitle "CBM 198 Extra"]
[Source "ChessBase"]
[SourceDate "2020.11.30"]
[SourceVersion "1"]
[SourceVersionDate "2020.11.30"]
[SourceQuality "1"]

1. e4 e5 2. f4 exf4 3. Nc3 Qh4+ 4. Ke2 b6 5. Nf3 Qh5 6. d4 g5 7. Kf2 Nf6 8. Be2 g4 9. e5 gxf3 10. Bxf3 Qh4+ 11. g3 Ng4+ 12. Bxg4 fxg3+ 13. hxg3 Qd8 14. Qf3 c6 15. Ne4 Be7 16. Bg5 f6 17. Bh5+ 1-0

[Event "Copenhagen Challenge"]
[Site "Ballerup"]
[Date "2019.05.16"]
[Round "3"]
[White "Egli, Urs Martin"]
[Black "Rishovd, Svein"]
[Result "0-1"]
[WhiteElo "1906"]
[BlackElo "2105"]
[PlyCount "84"]
[EventDate "2019.05.15"]
[EventType "swiss"]
[EventRounds "9"]
[EventCountry "DEN"]
[SourceTitle "CBM 190 Extra"]
[Source "ChessBase"]
[SourceDate "2019.07.15"]
[SourceVersion "1"]
[SourceVersionDate "2019.07.15"]
[SourceQuality "1"]

1. e4 c5 2. Nf3 e6 3. d3 Nc6 4. g3 Nge7 5. Bg2 g6 6. d4 cxd4 7. Nxd4 a6 8. Be3 Bg7 9. Nc3 d6 10. Qd2 Ne5 11. Qe2 b5 12. Rd1 0-0 13. 0-0 Bd7 14. f4 Nc4 15. Bc1 Qb6 16. Qf2 b4 17. Nce2 d5 18. f5 gxf5 19. exf5 exf5 20. Nf4 Qd6 21. c3 bxc3 22. bxc3 Rac8 23. Rfe1 Nb6 24. Re2 Rxc3 25. Bb2 Rc4 26. Nh5 Bh8 27. Rxe7 Qxe7 28. Nb3 d4 29. Re1 Qd6 30. Kh1 Rfc8 31. Rc1 Rxc1+ 32. Bxc1 Nc4 33. Bf4 Qe6 34. Nd2 Ne3 35. h4 Rc1+ 36. Nf1 Rc2 37. Bxe3 Rxf2 38. Bxf2 Qxa2 39. Kg1 Bb5 40. Nf4 Be5 41. Nh3 Qb1 42. Ng5 Qd1 0-1

[Event "Copenhagen Challenge"]
[Site "Ballerup"]
[Date "2019.05.16"]
[Round "2"]
[White "Shehzad, Shazil Khan"]
[Black "Egli, Urs Martin"]
[Result "1/2-1/2"]
[WhiteElo "2016"]
[BlackElo "1906"]
[PlyCount "47"]
[EventDate "2019.05.15"]
[EventType "swiss"]
[EventRounds "9"]
[EventCountry "DEN"]
[SourceTitle "CBM 190 Extra"]
[Source "ChessBase"]
[SourceDate "2019.07.15"]
[SourceVersion "1"]
[SourceVersionDate "2019.07.15"]
[SourceQuality "1"]

1. e4 c6 2. d4 d6 3. Nc3 Qc7 4. f4 e5 5. Nf3 Nd7 6. Be2 Ngf6 7. 0-0 Be7 8. a4 b6 9. Kh1 0-0 10. fxe5 dxe5 11. dxe5 Nxe5 12. Bf4 Nfd7 13. Nd4 Bb4 14. Qe1 Qd6 15. Nf5 Qe6 16. Qg3 Ng6 17. Nd4 Qf6 18. Be3 Qe5 19. Qf2 Bxc3 20. bxc3 c5 21. Nf3 Qc7 22. Nh4 Nde5 23. Nxg6 Nxg6 24. Bf3 1/2-1/2

[Event "Hofheim Spring op 6th"]
[Site "Hofheim"]
[Date "2018.04.07"]
[Round "8"]
[White "Egli, Urs Martin"]
[Black "Metzdorf, Matteo"]
[Result "1/2-1/2"]
[WhiteElo "2019"]
[BlackElo "1849"]
[PlyCount "30"]
[EventDate "2018.04.03"]
[EventType "swiss"]
[EventRounds "9"]
[EventCountry "GER"]
[SourceTitle "CBM 183 Extra"]
[Source "ChessBase"]
[SourceDate "2018.04.19"]
[SourceVersion "1"]
[SourceVersionDate "2018.04.19"]
[SourceQuality "1"]

1. f4 d5 2. Nf3 Nf6 3. g3 e6 4. Bg2 c5 5. 0-0 Nc6 6. d3 Be7 7. Nc3 a6 8. e4 b5 9. Ne5 Bb7 10. Nxc6 Bxc6 11. e5 Nd7 12. Qg4 g6 13. Bd2 Qb6 14. Rae1 0-0-0 15. Kh1 Kb8 1/2-1/2

[Event "Hofheim Spring op 6th"]
[Site "Hofheim"]
[Date "2018.04.07"]
[Round "9"]
[White "Ricken, Katharina"]
[Black "Egli, Urs Martin"]
[Result "1/2-1/2"]
[WhiteElo "1746"]
[BlackElo "2019"]
[PlyCount "27"]
[EventDate "2018.04.03"]
[EventType "swiss"]
[EventRounds "9"]
[EventCountry "GER"]
[SourceTitle "CBM 183 Extra"]
[Source "ChessBase"]
[SourceDate "2018.04.19"]
[SourceVersion "1"]
[SourceVersionDate "2018.04.19"]
[SourceQuality "1"]

1. Nf3 d6 2. d4 Nf6 3. g3 Nbd7 4. Bg2 e5 5. dxe5 dxe5 6. b3 Bc5 7. e3 Qe7 8. Nbd2 e4 9. Nd4 Ne5 10. h3 Bxd4 11. exd4 Nf3+ 12. Bxf3 exf3+ 13. Kf1 Be6 14. Nxf3 1/2-1/2

[Event "Hofheim Spring op 6th"]
[Site "Hofheim"]
[Date "2018.04.04"]
[Round "3"]
[White "Werner, Dimo"]
[Black "Egli, Urs Martin"]
[Result "1/2-1/2"]
[WhiteElo "2033"]
[BlackElo "2019"]
[PlyCount "27"]
[EventDate "2018.04.03"]
[EventType "swiss"]
[EventRounds "9"]
[EventCountry "GER"]
[SourceTitle "CBM 183 Extra"]
[Source "ChessBase"]
[SourceDate "2018.04.19"]
[SourceVersion "1"]
[SourceVersionDate "2018.04.19"]
[SourceQuality "1"]

1. d4 d6 2. Nf3 Nf6 3. c4 Nbd7 4. Nc3 e5 5. e4 c6 6. Be2 Be7 7. 0-0 0-0 8. h3 a6 9. a3 b5 10. b4 Rb8 11. Be3 bxc4 12. dxe5 dxe5 13. Bxc4 a5 14. bxa5 1/2-1/2

[Event "Acqui Terme Collino op 2nd"]
[Site "Acqui Terme"]
[Date "2017.11.05"]
[Round "5"]
[White "De Santis, Alessio"]
[Black "Egli, Urs Martin"]
[Result "1/2-1/2"]
[WhiteElo "2222"]
[BlackElo "1996"]
[PlyCount "55"]
[EventDate "2017.11.03"]
[EventType "swiss"]
[EventRounds "5"]
[EventCountry "ITA"]
[SourceTitle "CBM 181 Extra"]
[Source "ChessBase"]
[SourceDate "2017.12.12"]
[SourceVersion "1"]
[SourceVersionDate "2017.12.12"]
[SourceQuality "1"]

1. b3 d6 2. Bb2 e5 3. e3 f5 4. d4 e4 5. d5 c5 6. Nh3 Nf6 7. Bb5+ Bd7 8. a4 Na6 9. Nf4 Nc7 10. Nh5 Ncxd5 11. c4 Nb4 12. Nxf6+ gxf6 13. Qh5+ Ke7 14. 0-0 Qe8 15. Qh4 Qg6 16. Bxd7 Kxd7 17. Qxf6 Rg8 18. Qxg6 Rxg6 19. Nc3 Be7 20. Ne2 Nd3 21. Bc3 Rag8 22. g3 h5 23. Nc1 Nxc1 24. Raxc1 h4 25. Rcd1 Ke6 26. Rd5 Rh6 27. Kg2 Rg5 28. Rfd1 1/2-1/2

[Event "Acqui Terme Collino op 2nd"]
[Site "Acqui Terme"]
[Date "2017.11.05"]
[Round "4"]
[White "Egli, Urs Martin"]
[Black "Nikolajevic, Tihomir"]
[Result "1-0"]
[WhiteElo "1996"]
[BlackElo "1807"]
[PlyCount "103"]
[EventDate "2017.11.03"]
[EventType "swiss"]
[EventRounds "5"]
[EventCountry "ITA"]
[SourceTitle "CBM 181 Extra"]
[Source "ChessBase"]
[SourceDate "2017.12.12"]
[SourceVersion "1"]
[SourceVersionDate "2017.12.12"]
[SourceQuality "1"]

1. e4 c5 2. Nf3 Nc6 3. Nc3 g6 4. d4 cxd4 5. Nxd4 Bg7 6. Be3 d6 7. Bc4 Nf6 8. f3 0-0 9. Qd2 Na5 10. Be2 Nc6 11. g4 Nd7 12. 0-0-0 Qa5 13. Kb1 Re8 14. h4 Nde5 15. h5 Nxd4 16. Bxd4 Be6 17. hxg6 fxg6 18. f4 Nxg4 19. Bxg7 Kxg7 20. f5 Bxa2+ 21. Nxa2 Qxd2 22. Rxd2 Nf2 23. Rg1 Nxe4 24. Rd4 Nf6 25. fxg6 hxg6 26. Bd3 Rg8 27. Rxg6+ Kf8 28. Rxg8+ Kxg8 29. Nc3 a6 30. Rc4 Kf7 31. Rc7 b5 32. Ne4 Nd5 33. Rb7 Ke6 34. Ng5+ Kf6 35. Be4 e6 36. Bxd5 exd5 37. Nf3 Ke6 38. Nd4+ Ke5 39. c3 Rc8 40. Kc2 Rc5 41. Kb3 Rc4 42. Re7+ Kf4 43. Re6 b4 44. Rxd6 bxc3 45. bxc3 Ke5 46. Re6+ Kf4 47. Rxa6 Rc8 48. Kb4 Rc4+ 49. Kb5 Ke4 50. Rc6 Kd3 51. Rxc4 dxc4 52. Kb4 1-0

[Event "Wiesbaden op 29th"]
[Site "Wiesbaden"]
[Date "2017.08.27"]
[Round "6"]
[White "Egli, Urs Martin"]
[Black "Bakiev, Diyor"]
[Result "1-0"]
[WhiteElo "1983"]
[BlackElo "1627"]
[PlyCount "101"]
[EventDate "2017.08.24"]
[EventType "swiss"]
[EventRounds "7"]
[EventCountry "GER"]
[SourceTitle "CBM 180 Extra"]
[Source "ChessBase"]
[SourceDate "2017.10.06"]
[SourceVersion "1"]
[SourceVersionDate "2017.10.06"]
[SourceQuality "1"]

1. f4 d5 2. d3 Nf6 3. g3 Bf5 4. Bg2 Nc6 5. Nf3 e6 6. 0-0 Bd6 7. h3 h6 8. Nh4 Bh7 9. Nc3 Ne7 10. e4 d4 11. Ne2 Bc5 12. Qe1 0-0 13. Kh2 Nd7 14. g4 e5 15. f5 f6 16. Nf3 Nc6 17. a3 a5 18. h4 Be7 19. Qg3 b5 20. g5 hxg5 21. hxg5 fxg5 22. Nxg5 Bxg5 23. Bxg5 Nf6 24. Qh4 Qe8 25. Rf3 Qh5 26. Bxf6 Qxh4+ 27. Bxh4 a4 28. f6 gxf6 29. Bxf6 Rf7 30. Bh3 Re8 31. Rg1+ Kf8 32. Rg5 Bg8 33. Ng3 b4 34. Nh5 bxa3 35. bxa3 Bh7 36. Ng7 Rb8 37. Ne6+ Ke8 38. Ng7+ Kf8 39. Be6 Rb2 40. Bxf7 Kxf7 41. Bxe5+ Ke7 42. Bf6+ Kd7 43. Rd5+ Kc8 44. Bxd4 Nxd4 45. Rxd4 Rxc2+ 46. Kg3 Rc1 47. Ne6 Rg1+ 48. Kf2 Rb1 49. Rf7 Rb2+ 50. Ke3 Rb7 51. Rf8# 1-0

[Event "Teplice op 12th"]
[Site "Teplice"]
[Date "2017.06.10"]
[Round "1"]
[White "Zanan, Evgeny"]
[Black "Egli, Urs Martin"]
[Result "1-0"]
[WhiteElo "2442"]
[BlackElo "1983"]
[PlyCount "45"]
[EventDate "2017.06.10"]
[EventType "swiss"]
[EventRounds "9"]
[EventCountry "CZE"]
[SourceTitle "CBM 178 Extra"]
[Source "ChessBase"]
[SourceDate "2017.06.22"]
[SourceVersion "1"]
[SourceVersionDate "2017.06.22"]
[SourceQuality "1"]

1. d4 d6 2. Nf3 Nf6 3. Bf4 c5 4. e3 Nh5 5. Bg3 Nxg3 6. hxg3 g6 7. c3 Bg7 8. Bc4 d5 9. Bb3 cxd4 10. exd4 Nc6 11. Nbd2 0-0 12. Qe2 e5 13. dxe5 d4 14. 0-0 dxc3 15. bxc3 Re8 16. Nc4 Bg4 17. Rad1 Qe7 18. Rfe1 Nxe5 19. Ncxe5 Bxf3 20. Qxf3 Bxe5 21. Rxe5 Qxe5 22. Qxf7+ Kh8 23. Rd7 1-0

[Event "Leipzig VfB op 24th"]
[Site "Leipzig"]
[Date "2017.03.23"]
[Round "5"]
[White "Hoerr, Matthias"]
[Black "Egli, Urs Martin"]
[Result "1-0"]
[WhiteElo "2203"]
[BlackElo "1946"]
[PlyCount "71"]
[EventDate "2017.03.21"]
[EventType "swiss"]
[EventRounds "9"]
[EventCountry "GER"]
[SourceTitle "EXT 2018"]
[Source "ChessBase"]
[SourceDate "2017.10.13"]
[SourceVersion "1"]
[SourceVersionDate "2017.10.13"]
[SourceQuality "1"]

1. e4 c6 2. d4 d6 3. Nf3 Qc7 4. Nc3 e5 5. a4 Nf6 6. a5 Be7 7. Be2 0-0 8. 0-0 Re8 9. h3 Bd8 10. dxe5 dxe5 11. Be3 Nbd7 12. Qb1 Nf8 13. Rd1 Ne6 14. Bc4 Nd7 15. b4 b5 16. axb6 Nxb6 17. Bf1 Nf4 18. Na4 Nd7 19. Bc4 Qb8 20. Qa2 Ne6 21. c3 Ndf8 22. Rdb1 Bb7 23. Nc5 Ng6 24. Nxe6 fxe6 25. Bxe6+ Kh8 26. Rd1 c5 27. Bf7 Rf8 28. Bxc5 Be7 29. Bxe7 Nxe7 30. Rd7 Ng6 31. Bxg6 hxg6 32. Ng5 Bc6 33. Rxa7 Rxa7 34. Qxa7 Qb5 35. Ne6 Rg8 36. Qe7 1-0

[Event "Mortara op"]
[Site "Mortara"]
[Date "2016.09.??"]
[Round "5.4"]
[White "Egli, Urs Martin"]
[Black "Cordani, Enrico"]
[Result "1-0"]
[WhiteElo "2004"]
[BlackElo "1825"]
[PlyCount "35"]
[EventDate "2016.09.??"]
[EventType "swiss"]
[EventRounds "5"]
[EventCountry "ITA"]
[SourceTitle "EXT 2024"]
[Source "ChessBase"]
[SourceDate "2023.10.10"]
[SourceVersion "1"]
[SourceVersionDate "2023.10.10"]
[SourceQuality "1"]

1. e4 c5 2. Nf3 g6 3. d4 cxd4 4. Nxd4 Bg7 5. Nc3 Nc6 6. Be3 Nf6 7. Bc4 0-0 8. Bb3 a6 9. f3 Qb6 10. Nf5 Qa5 11. Nxg7 Kxg7 12. Qd2 Rd8 13. 0-0-0 d6 14. Qf2 Be6 15. Bb6 Qg5+ 16. f4 Ng4 17. fxg5 Nxf2 18. Bxf2 1-0

[Event "Lille Luce op 7th"]
[Site "Lille"]
[Date "2016.04.13"]
[Round "7"]
[White "Cartigny, Patrick"]
[Black "Egli, Urs Martin"]
[Result "1-0"]
[WhiteElo "1899"]
[BlackElo "2041"]
[PlyCount "43"]
[EventDate "2016.04.09"]
[EventType "swiss"]
[EventRounds "7"]
[EventCountry "FRA"]
[SourceTitle "CBM 171 Extra"]
[Source "ChessBase"]
[SourceDate "2016.04.26"]
[SourceVersion "1"]
[SourceVersionDate "2016.04.26"]
[SourceQuality "1"]

1. e4 d6 2. d4 c6 3. f4 d5 4. e5 Bf5 5. Nf3 e6 6. Bd3 Bxd3 7. Qxd3 c5 8. Be3 c4 9. Qe2 Ne7 10. 0-0 Nf5 11. g4 Nxe3 12. Qxe3 Be7 13. Nc3 0-0 14. Ne2 Nc6 15. c3 b5 16. Ng3 b4 17. f5 bxc3 18. bxc3 Rb8 19. Rf2 Qa5 20. Nh5 Kh8 21. Raf1 Ba3 22. f6 1-0